Villes du Canada - Statistiques

Statistiques générales
  • Ce quiz a été pris 202 fois
  • Le résultat moyen est 16 sur 50
Statistiques - réponses
Réponse % Correct
Montréal
97%
Toronto
93%
Québec
92%
Ottawa
88%
Vancouver
83%
Calgary
72%
Edmonton
69%
Winnipeg
59%
Laval
53%
Halifax
52%
Trois-Rivière
50%
Regina
48%
Sherbrooke
46%
Gatineau
41%
Hamilton
40%
Saskatoon
40%
Longueuil
38%
Mississauga
38%
Kingston
35%
Lévis
35%
London
34%
Saint-Jean
33%
Saguenay
31%
Windsor
30%
Brampton
26%
Surrey
26%
Terrebonne
25%
Kitchener
23%
Burnaby
19%
Markham
19%
Oshawa
19%
Vaughan
19%
Guelph
16%
Barrie
15%
Kelowna
15%
Oakville
13%
Richmond
13%
St-Catharines
13%
Waterloo
12%
Burlington
10%
Milton
10%
Ajax
9%
Coquitlam
8%
Richmond Hill
7%
Cambridge
6%
Grand Sudbury
6%
Langley
6%
Saanich
5%
Whitby
5%
Abottsford
4%
Aucun quiz correspondant
Distribution des résultats
% des personnes avec chaque résultat
Percentile par nombre de réponses
Votre historique - résultats
Vous n’avez pas pris ce quiz